| 000 | 00370cam a22001097a 4500 | ||
|---|---|---|---|
| 008 | 180718b1979 xxu||||| |||| 00| 0 eng d | ||
| 082 | _aR11x54 In2r | ||
| 245 |
_aReport of the study team on rural employment _cby Ministry of Rural Reconstruction |
||
| 260 |
_aNew Delhi _bGovernment of India _c1979 |
||
| 300 | _aviii, 67p | ||
| 700 | _aIndia. Ministry of Rural Reconstruction | ||
| 999 |
_c495530 _d495530 |
||